Geography Trivia II - Statistics

General Stats
  • This quiz has been taken 165 times
  • The average score is 11 of 18
Answer Stats
Hint Answer % Correct
In which country can you find Stonehenge? United Kingdom
98%
In which country can you find Mount Everest? China / Nepal
97%
In which country can you find the Cape of Good Hope? South Africa
95%
In which country can you find the One World Trade Center, commonly refered to as the Freedom Tower? United States
91%
In which country can you find the Canary Islands? Spain
86%
In which country can you find Chichen-Itza? Mexico
83%
What Middle Eastern island country is connected to Saudi Arabia by way of a bridge? Bahrain
75%
What country is the closest geographically to Antarctica? Chile
73%
What American military base lies on the island of Cuba? Guantanamo Bay
69%
What large Scottish city lies on the River Clyde? Glasgow
64%
What is the name of the region in Asia disputed by India, Pakistan and China? Kashmir and Jammu
64%
What Swedish city is only about 16 miles from the Danish capital of Copenhagen? Malmo
57%
What is one British province? England / Scotland / Wales / Northern Ireland
52%
What is one of the three major islands in the US Virgin Islands? St. Thomas, St. John, St. Croix
27%
What Canadian city is the largest in the Atlantic time zone? St. John's
24%
In which US state can you find the Craters of the Moon National Monument? Idaho
23%
What American island is just 2.4 miles from Russia in the Bering Sea? Little Diomede Island
17%
What Californian city holds some of the most famous golf courses in the country? Monterey
17%
No matching quizzes found
Score Distribution
Percent of People with Each Score
Percentile by Number Answered
Your Score History
You have not taken this quiz